Fundamentos de matemáticas : un enfoque para técnicos

Bibliographic Details
Main Author: Kramer, Arthur D
Format: Section = Libro
Language:Undetermined
Spanish
Published: México McGraw-Hill 1986
Subjects:
LEADER 00493nam a2200193Ia 4500
008 240829s9999 xx 000 0 und d
020 |a 968-451-511-1 
040 |a BIBLIOTECA-RUSB/ 510 K89 
041 |a spa 
082 |a 510 K89 
100 1 |a Kramer, Arthur D 
245 1 0 |a Fundamentos de matemáticas : un enfoque para técnicos 
260 |a México  |b McGraw-Hill  |c 1986 
300 |a 673 p. :il. 
650 7 |a MATEMATICAS 
650 7 |b  ALGEBRA 
942 |c BK  |2 ddc 
991 |a TEXTO 
999 |c 1258